Az áremelések frontja a szegedi piacon a devizarendelet nyomán csaknem minden szakmában történt drágítás
Elmentve itt :
| Dokumentumtípus: | Cikk |
|---|---|
| Megjelent: |
1931-08-14
|
| Sorozat: | Délmagyarország
7 No. 184 |
| Online Access: | http://dmarchiv.bibl.u-szeged.hu/47496 |
| LEADER | 00457nab a2200133 i 4500 | ||
|---|---|---|---|
| 001 | delm47496 | ||
| 005 | 20180927134919.0 | ||
| 008 | 180927s1931 hu o 0|| hun d | ||
| 040 | |a SZTE Délmagyarország Archívum |b hun | ||
| 041 | |a hun | ||
| 245 | 0 | 3 | |a Az áremelések frontja a szegedi piacon |h [elektronikus dokumentum] : |b a devizarendelet nyomán csaknem minden szakmában történt drágítás |
| 260 | |c 1931-08-14 | ||
| 300 | |a 3-4 | ||
| 490 | 0 | |a Délmagyarország |v 7 No. 184 | |